000
00243nam a22001097a 4500
082
_a
620.1 KHA'B
100
_a
KHAN MUHAMMAD IKHLAS
_9
75183
245
_a
BENCH FITER GUIDE
260
_a
RAWALPINDI
_b
YUSUF
_c
1980
300
_a
411P
942
_c
BK
999
_c
580651
_d
580651